000 01226nam a2200313 c 4500
999 _c99497
_d99497
003 BLK
005 20250318005546.0
008 180409b bul|||||r ||||||| ||bul||
010 _aKNG00104505000
020 _a954-445-812-3
040 _aBLK
041 _aBUL
_cBUL
080 _aБългарска литература
_b821.163.2
_x-4
_z821.163.2-4
100 _aХайтов, Николай Александров
_d1919-2002
_gПисател. Драматург.
_9431013
139 _aХайтов, Николай Александров
_bХ 21
245 1 0 _aТроянските коне в България
_bПублицистика : Кн. 1 -
_cНиколай Александров Хайтов.
_nКн. 2
_p1999 - 2002
257 _aBGR
260 _c2002
_fСофия : Експрес принт
300 _c20 см
380 _aX
760 1 _aХайтов, Николай Александров
_dХристо Ботев, 2002
_h436 с.
_tКн. 2 1999 - 2002
852 _aЦб 212152
856 4 _qpdf
_i0.00
_ldisable
856 4 _qpdf
_i0.00
_ldisable
942 _cKNG
_n0
_03
_s1
944 _aCR
_c01.01.2002
_k
_lCRON CRON
944 _aED
_c16.02.2004
999 _d99497